Toronto Maple Leafs Top Goal Scorer - Statistics

General Stats
  • This quiz has been taken 23 times
    5 since last reset
  • The average score is 13 of 17
Answer Stats
Point Player % Correct
428 * Auston Matthews
100%
389 Darryl Sittler
100%
253 * John Tavares
100%
420 Mats Sundin
100%
221 Mitch Marner
100%
260 Wendel Clark
100%
292 * William Nylander
100%
365 Dave Keon
75%
296 George Armstrong
75%
219 Lanny Macdonald
75%
299 Rick Vaive
75%
296 Frank Mahovlich
50%
332 Ron Ellis
50%
201 Syl Apps
50%
230 Ted Kennedy
50%
251 Bob Pulford
25%
200 Charlie Conacher
25%
No matching quizzes found
Score Distribution
Percent of People with Each Score
Percentile by Number Answered
Your Score History
You have not taken this quiz since the last reset